<?xml version="1.0" encoding="UTF-8"?>
<record
    xmlns:xsi="http://www.w3.org/2001/XMLSchema-instance"
    xsi:schemaLocation="http://www.loc.gov/MARC21/slim http://www.loc.gov/standards/marcxml/schema/MARC21slim.xsd"
    xmlns="http://www.loc.gov/MARC21/slim">

  <leader>02451nam a2200313 a 4500</leader>
  <controlfield tag="001">1480993</controlfield>
  <controlfield tag="003">OSt</controlfield>
  <controlfield tag="005">20220511140633.0</controlfield>
  <controlfield tag="008">150416s2007    sp     gr     0001fdspa d</controlfield>
  <datafield tag="020" ind1=" " ind2=" ">
    <subfield code="a">9788420484402</subfield>
  </datafield>
  <datafield tag="040" ind1=" " ind2=" ">
    <subfield code="a">CO-BoBLA </subfield>
    <subfield code="b">spa </subfield>
    <subfield code="c">CO-MpBPB</subfield>
  </datafield>
  <datafield tag="041" ind1="1" ind2=" ">
    <subfield code="a">spa </subfield>
    <subfield code="h">por</subfield>
  </datafield>
  <datafield tag="043" ind1=" " ind2=" ">
    <subfield code="a">e-po---</subfield>
  </datafield>
  <datafield tag="082" ind1="0" ind2="4">
    <subfield code="a">AN</subfield>
    <subfield code="b">SARb</subfield>
  </datafield>
  <datafield tag="100" ind1="1" ind2=" ">
    <subfield code="a">Saramago, Jos&#xFFFD;, </subfield>
    <subfield code="d">1922-2010.</subfield>
  </datafield>
  <datafield tag="245" ind1="1" ind2="3">
    <subfield code="a">La balsa de piedra / </subfield>
    <subfield code="c">Jos&#xE9; Saramago ; traducci&#xF3;n de Basilio Losada.</subfield>
  </datafield>
  <datafield tag="250" ind1=" " ind2=" ">
    <subfield code="a">Sexta edici&#xF3;n.</subfield>
  </datafield>
  <datafield tag="260" ind1=" " ind2=" ">
    <subfield code="a">Madrid : </subfield>
    <subfield code="b">Santillana Ediciones Generales : </subfield>
    <subfield code="b">Alfaguara, </subfield>
    <subfield code="c">2007.</subfield>
  </datafield>
  <datafield tag="300" ind1=" " ind2=" ">
    <subfield code="a">412 p&#xE1;ginas ; </subfield>
    <subfield code="c">22 cm.</subfield>
  </datafield>
  <datafield tag="490" ind1="1" ind2=" ">
    <subfield code="a">Biblioteca Jos&#xE9; Saramago</subfield>
  </datafield>
  <datafield tag="500" ind1=" " ind2=" ">
    <subfield code="a">Sinopsis de LA BALSA DE PIEDRA
2022: A&#xD1;O SARAMAGO

Una novela sobre la identidad ib&#xE9;rica. Una reflexi&#xF3;n sobre Europa, sobre la &#xE9;tica y sobre la importancia de mirar al sur para equilibrar el mundo.

&#xAB;Nosotros tambi&#xE9;n somos ib&#xE9;ricos.De la noche a la ma&#xF1;ana Europa apareci&#xF3; cubierta con esta pintada&#xBB;.

La balsa de piedra parte de un audaz planteamiento narrativo. Una grieta abierta espont&#xE1;neamente a lo largo de los Pirineos provoca la separaci&#xF3;n del continente europeo de toda la Pen&#xED;nsula Ib&#xE9;rica, transform&#xE1;ndola en una gran isla flotante, movi&#xE9;ndose sin remos, ni velas, ni h&#xE9;lices en direcci&#xF3;n al sur del mundo, camino de una utop&#xED;a nueva: el encuentro cultural de los pueblos peninsulares con los pueblos del otro lado del Atl&#xE1;ntico, desafiando as&#xED; el dominio sofocante que Estados Unidos viene ejerciendo en aquellos territorios.

Una visi&#xF3;n dos veces ut&#xF3;pica entender&#xED;a esta ficci&#xF3;n pol&#xED;tica como una met&#xE1;fora mucho m&#xE1;s generosa y humana: que Europa, toda ella, deber&#xE1; trasladarse hacia el sur de manera que, en compensaci&#xF3;n por abusos coloniales antiguos y modernos, ayude a equilibrar el mundo. Es decir, Europa finalmente como &#xE9;tica.

Los personajes deLa balsa de piedra #dos mujeres, tres hombres y un perro, tal vez unos nuevos quijotes- viajan incansablemente a trav&#xE9;s de la pen&#xED;nsula mientras ella va surcando el oc&#xE9;ano. El mundo est&#xE1; cambiando y ellos saben que deben buscar en s&#xED; mismos las personas nuevas en que se convertir&#xE1;n. Eso les basta.</subfield>
  </datafield>
  <datafield tag="534" ind1=" " ind2=" ">
    <subfield code="p">T&#xFFFD;tulo original : </subfield>
    <subfield code="t">A jangada de Pedra.</subfield>
  </datafield>
  <datafield tag="650" ind1=" " ind2="4">
    <subfield code="a">Novela portuguesa.</subfield>
  </datafield>
  <datafield tag="650" ind1=" " ind2="4">
    <subfield code="a">Viajes</subfield>
    <subfield code="v"> Novela.</subfield>
  </datafield>
  <datafield tag="650" ind1=" " ind2="4">
    <subfield code="a">Utop&#xFFFD;as</subfield>
    <subfield code="v"> Novela.</subfield>
  </datafield>
  <datafield tag="700" ind1="1" ind2=" ">
    <subfield code="a">Losada, Basilio, </subfield>
    <subfield code="d">1930-, </subfield>
    <subfield code="e">traductor.</subfield>
  </datafield>
  <datafield tag="942" ind1=" " ind2=" ">
    <subfield code="2">ddc</subfield>
    <subfield code="c">BKLIT</subfield>
  </datafield>
  <datafield tag="949" ind1=" " ind2=" ">
    <subfield code="a">n           </subfield>
    <subfield code="b">n</subfield>
  </datafield>
  <datafield tag="999" ind1=" " ind2=" ">
    <subfield code="c">14183</subfield>
    <subfield code="d">14183</subfield>
  </datafield>
  <datafield tag="952" ind1=" " ind2=" ">
    <subfield code="0">0</subfield>
    <subfield code="1">0</subfield>
    <subfield code="2">ddc</subfield>
    <subfield code="4">0</subfield>
    <subfield code="7">0</subfield>
    <subfield code="8">LA</subfield>
    <subfield code="a">BPMOS</subfield>
    <subfield code="b">BPMOS</subfield>
    <subfield code="d">2022-05-11</subfield>
    <subfield code="e">Donaci&#xF3;n 2021</subfield>
    <subfield code="i">NT</subfield>
    <subfield code="l">1</subfield>
    <subfield code="o">AN SARb</subfield>
    <subfield code="p">MOS502228</subfield>
    <subfield code="r">2025-02-14</subfield>
    <subfield code="s">2025-01-24</subfield>
    <subfield code="t">ej 1</subfield>
    <subfield code="w">2022-05-11</subfield>
    <subfield code="y">BKLIT</subfield>
    <subfield code="z">Ocho dias</subfield>
  </datafield>
</record>
